Concretar la democracia (Record no. 7707)

MARC details
000 -LEADER
campo de control de longitud fija 01514nmc a2200505 a 4500
003 - IDENTIFICADOR DE NÚMERO DE CONTROL
campo de control AR-BaBNM
005 - FECHA Y HORA DE LA ÚLTIMA TRANSACCIÓN
campo de control 20251128204516.0
008 - DATOS DE LONGITUD FIJA--INFORMACIÓN GENERAL
campo de control de longitud fija 165019s1990 ||||||||||||||000 | spa||
020 ## - NÚMERO INTERNACIONAL ESTÁNDAR DEL LIBRO
Número Internacional Estándar del Libro 950-582-288-6
040 ## - FUENTE DE CATALOGACIÓN
Centro/agencia transcriptor AR-BaBNM
245 10 - MENCIÓN DEL TÍTULO
Título Concretar la democracia
Resto del título aportes del trabajo social : Chile 1973-1989
260 ## - PUBLICACIÓN, DISTRIBUCIÓN, ETC.
Lugar de publicación, distribución, etc. Buenos Aires
Nombre del editor, distribuidor, etc. Humanitas
Fecha de publicación, distribución, etc. 1990
300 0# - DESCRIPCIÓN FÍSICA
Extensión 410 p.
Otros detalles físicos gráfs.
490 #0 - MENCIÓN DE SERIE
Mención de serie Desarrollo social
500 0# - NOTA GENERAL
Nota general Incluye un índice de autores de la revista Apuntes para trabajo social {ATS} 1982-1989
650 #4 - PUNTO DE ACCESO ADICIONAL DE MATERIA--TÉRMINO DE MATERIA
Término de materia o nombre geográfico como elemento de entrada TRABAJO SOCIAL
650 #4 - PUNTO DE ACCESO ADICIONAL DE MATERIA--TÉRMINO DE MATERIA
Término de materia o nombre geográfico como elemento de entrada SERVICIOS SOCIALES
650 #4 - PUNTO DE ACCESO ADICIONAL DE MATERIA--TÉRMINO DE MATERIA
Término de materia o nombre geográfico como elemento de entrada TRABAJADORES SOCIALES
650 #4 - PUNTO DE ACCESO ADICIONAL DE MATERIA--TÉRMINO DE MATERIA
Término de materia o nombre geográfico como elemento de entrada ORGANIZACIONES DE BIENESTAR SOCIAL
650 #4 - PUNTO DE ACCESO ADICIONAL DE MATERIA--TÉRMINO DE MATERIA
Término de materia o nombre geográfico como elemento de entrada ASISTENCIA SOCIAL
650 #4 - PUNTO DE ACCESO ADICIONAL DE MATERIA--TÉRMINO DE MATERIA
Término de materia o nombre geográfico como elemento de entrada DEMOCRACIA
650 #4 - PUNTO DE ACCESO ADICIONAL DE MATERIA--TÉRMINO DE MATERIA
Término de materia o nombre geográfico como elemento de entrada TRABAJO COMUNITARIO
650 #4 - PUNTO DE ACCESO ADICIONAL DE MATERIA--TÉRMINO DE MATERIA
Término de materia o nombre geográfico como elemento de entrada AYUDA A LA INFANCIA
650 #4 - PUNTO DE ACCESO ADICIONAL DE MATERIA--TÉRMINO DE MATERIA
Término de materia o nombre geográfico como elemento de entrada TRABAJO EN GRUPO [TRABAJO SOCIAL]
650 #4 - PUNTO DE ACCESO ADICIONAL DE MATERIA--TÉRMINO DE MATERIA
Término de materia o nombre geográfico como elemento de entrada ASISTENCIA SOCIAL
650 #4 - PUNTO DE ACCESO ADICIONAL DE MATERIA--TÉRMINO DE MATERIA
Término de materia o nombre geográfico como elemento de entrada POLITICA SOCIAL
651 #4 - PUNTO DE ACCESO ADICIONAL DE MATERIA--NOMBRE GEOGRÁFICO
Nombre geográfico Chile
700 1# - ENTRADA AGREGADA--NOMBRE PERSONAL
Nombre de persona Marshall, María Teresa
700 1# - ENTRADA AGREGADA--NOMBRE PERSONAL
Nombre de persona Zúñiga, Ricardo
700 1# - ENTRADA AGREGADA--NOMBRE PERSONAL
Nombre de persona Valdés, Ximena
700 1# - ENTRADA AGREGADA--NOMBRE PERSONAL
Nombre de persona Sánchez, Daniela
700 1# - ENTRADA AGREGADA--NOMBRE PERSONAL
Nombre de persona Jara, Ana María de la
700 1# - ENTRADA AGREGADA--NOMBRE PERSONAL
Nombre de persona Medioli, Ana María
700 1# - ENTRADA AGREGADA--NOMBRE PERSONAL
Nombre de persona Donoso, Nora
700 1# - ENTRADA AGREGADA--NOMBRE PERSONAL
Nombre de persona Ambrosio, Valeria
700 1# - ENTRADA AGREGADA--NOMBRE PERSONAL
Nombre de persona Saball, Pablo
700 1# - ENTRADA AGREGADA--NOMBRE PERSONAL
Nombre de persona Saball, Paulina
700 1# - ENTRADA AGREGADA--NOMBRE PERSONAL
Nombre de persona Cepeda, Antonia
700 1# - ENTRADA AGREGADA--NOMBRE PERSONAL
Nombre de persona Barrientos, Mauro
700 1# - ENTRADA AGREGADA--NOMBRE PERSONAL
Nombre de persona Titelman, Sandra
700 1# - ENTRADA AGREGADA--NOMBRE PERSONAL
Nombre de persona Fernández, María Teresa
800 1# - PUNTO DE ACCESO ADICIONAL DE SERIE--NOMBRE DE PERSONA
Nombre de persona Sierra de Villaverde, Sela
Término indicativo de función/relación director
942 ## - ELEMENTOS DE ENTRADA SECUNDARIOS (KOHA)
Tipo de ítem Koha Libros
998 ## - INFORMACIÓN DE CONTROL LOCAL (RLIN)
Iniciales del catalogador, CIN (RLIN) Marce
Holdings
Estatus retirado Estado de pérdida Fuente de la clasificación o esquema de estantería Estado de daño No para préstamo Biblioteca de origen Biblioteca actual Fecha de adquisición Total de préstamos Signatura topográfica completa Código de barras Visto por última vez Precio de reemplazo Tipo de ítem Koha
    Clasificación Decimal Dewey     Liberty Liberty 28/11/2025   36 MAR 096536 28/11/2025 28/11/2025 Libros
    Clasificación Decimal Dewey     Liberty Liberty 28/11/2025   36 MAR 096537 28/11/2025 28/11/2025 Libros